| 000 | 00659nam a2200181 a 4500 | ||
|---|---|---|---|
| 005 | 20140310183457.0 | ||
| 008 | 091109s19uu xx 00 eng d | ||
| 020 | _a13:9780471998204 | ||
| 050 |
_aHD 30.3 _b.F65 2006 |
||
| 100 | _aFolkman, Jospeh R. | ||
| 245 |
_aThe power of feedback : _b35 principles for turning feedback from others into personal and professional change / _cJoseph R. Folkman. |
||
| 260 |
_aNew Jersey : _bJohn Wiley & Sons, Inc, _cc2006. |
||
| 300 |
_a202 p. : _bill. ; _c23 cm. |
||
| 521 | _aBSBA | ||
| 650 | _aCommunication in organizations. Feedback (Psychology). Organizational Change. | ||
| 942 |
_cBK _2lcc _kFOR |
||
| 999 |
_c23658 _d23658 |
||